| 000 -CABECERA |
| Longitud fija campo de control |
01195nam a22003015i 4500 |
| 001 - NÚMERO DE CONTROL |
| Número de control |
.b74977532 |
| 003 - IDENTIFICADOR DEL NÚMERO DE CONTROL |
| Identificador del número de control |
OSt |
| 005 - FECHA Y HORA DE LA ÚLTIMA TRANSACCIÓN |
| Fecha y hora de la última transacción |
20210423104613.0 |
| 008 - CÓDIGOS DE INFORMACIÓN DE LONGITUD FIJA |
| Códigos de información de longitud fija |
210208e202012 spc||||| |||| 00| 0bcat|c |
| 017 ## - NÚMERO DE COPYRIGHT O DE DEPÓSITO LEGAL |
| Número de copyright o de depósito legal |
DL B 12436-2020 |
| Agencia que asigna el número |
Biblioteca de Catalunya |
| 020 ## - NÚMERO INTERNACIONAL NORMALIZADO PARA LIBROS |
| Número Internacional Normalizado para Libros (ISBN) |
9788417804527 |
| Qualifying information |
(Ara Llibres) |
| 020 ## - NÚMERO INTERNACIONAL NORMALIZADO PARA LIBROS |
| Número Internacional Normalizado para Libros (ISBN) |
9788478228829 |
| Qualifying information |
(Institució Alfons el Magnànim) |
| 040 ## - FUENTE DE LA CATALOGACIÓN |
| Centro catalogador de origen |
ES-GiUDG |
| Lengua de catalogación |
cat |
| Normas de descripción |
rda |
| Centro transcriptor |
ES-GiUDG |
| 100 1# - PUNTO DE ACCESO PRINCIPAL-NOMBRE DE PERSONA |
| Nombre de persona |
Tormo, Jordi, |
| Fechas asociadas al nombre |
1979- |
| Término indicativo de función |
autor |
| 245 10 - MENCIÓN DE TÍTULO |
| Título |
Isabel-Clara Simó : |
| Resto del título |
una veu lliure i compromesa / |
| Mención de responsabilidad, etc. |
Jordi Tormo i Santonja ; pròleg de Núria Cadenes |
| 250 ## - MENCIÓN DE EDICIÓN |
| Mención de edición |
Primera edició |
| 264 #1 - PRODUCCIÓN, PUBLICACIÓN , DISTRIBUCIÓN, FABRICACIÓN Y COPYRIGHT |
| Lugar de producción, publicación, distribución, fabricación |
Barcelona : |
| Nombre del productor, editor, distribuidor, fabricante |
Ara Llibres ; |
| Lugar de producción, publicación, distribución, fabricación |
València : |
| Nombre del productor, editor, distribuidor, fabricante |
Institució Alfons el Magnànim Centre Valencià d'Estudis i Investigació, |
| Fecha de de producción, publicación, distribución, fabricación o copyright |
desembre del 2020 |
| 300 ## - DESCRIPCIÓN FÍSICA |
| Extensión |
220 pàgines ; |
| Dimensiones |
23 cm |
| 336 ## - TIPO DE CONTENIDO |
| Término de tipo de contenido |
text |
| Código de tipo de contenido |
txt |
| Fuente |
rdacontent |
| 337 ## - TIPO DE MEDIO |
| Nombre del tipo de medio |
sense mediació |
| Código del tipo de medio |
n |
| Fuente |
rdamedia |
| 338 ## - TIPO DE SOPORTE |
| Nombre del tipo de soporte |
volum |
| Código del tipo de soporte |
nc |
| Fuente |
rdacarrier |
| 600 17 - PUNTO DE ACCESO ADICIONAL DE MATERIA - NOMBRE DE PERSONA |
| Nombre de persona |
Simó, Isabel-Clara, |
| Fechas asociadas al nombre |
1943-2020 |
| Fuente de encabezamiento o te&ecute,rmino |
lemac |
| 650 #7 - PUNTO DE ACCESO ADICIONAL DE MATERIA - TÉRMINO DE MATERIA |
| Término de materia o nombre geográfico como elemento inicial |
Escriptores catalanes |
| Subdivisión cronológica |
S. XX |
| Fuente del encabezamiento o término |
lemac |
| 700 1# - PUNTO DE ACCESO ADICIONAL - NOMBRE DE PERSONA |
| Nombre de persona |
Cadenes, Núria, |
| Fechas asociadas al nombre |
1970- |
| Término indicativo de función |
escriptor d'un pròleg |
| 907 ## - ELEMENTO G DATOS LOCALES, GDL (RLIN) |
| a |
.b74977532 |
| b |
10-02-21 |
| c |
08-02-21 |
| d |
08-02-21 |
| e |
m |
| f |
a |
| g |
- |
| h |
cat |
| i |
spc |
| j |
0 |
| k |
0 |
| 940 ## - |
| T&íacute;tulo uniforme |
<a href="UdG">UdG</a> |
| 942 ## - ENTRADA DE ELEMENTOS AGREGADOS (KOHA) |
| Fuente de clasificaión o esquema |
|
| Koha [por defecto] tipo de item |
Monografies |